ბათუმის შოთა რუსთაველის სახელმწიფო უნივერსიტეტის ბიბლიოთეკა

Краткий справочник по оборудованию нефтебаз. (ბიბ.ჩანაწერი № 37083)

000 -LEADER
fixed length control field 00651nam a2200205Ia 4500
001 - CONTROL NUMBER
control field 3039
003 - CONTROL NUMBER IDENTIFIER
control field GE_BSU
008 - FIXED-LENGTH DATA ELEMENTS--GENERAL INFORMATION
fixed length control field 181216s||||||||xx |||||||||||||| ||und||
040 ## - CATALOGING SOURCE
Transcribing agency GE_BSU
080 ## - UNIVERSAL DECIMAL CLASSIFICATION NUMBER
Universal Decimal Classification number 665.6/7(03)
100 ## - MAIN ENTRY--PERSONAL NAME
Personal name Мишин,Б.В. Шпотаковский,М.Н.
245 ## - TITLE STATEMENT
Title Краткий справочник по оборудованию нефтебаз.
245 ## - TITLE STATEMENT
Statement of responsibility, etc. Вед.ред.Л.Я.Русакова.
260 ## - PUBLICATION, DISTRIBUTION, ETC.
Place of publication, distribution, etc. Л.
260 ## - PUBLICATION, DISTRIBUTION, ETC.
Name of publisher, distributor, etc. Недра.
260 ## - PUBLICATION, DISTRIBUTION, ETC.
Date of publication, distribution, etc. 1965.
300 ## - PHYSICAL DESCRIPTION
Extent 270 стр. 22см. с илл.
653 ## - INDEX TERM--UNCONTROLLED
Uncontrolled term Краткий справочник по оборудованию нефтебаз.
942 ## - ADDED ENTRY ELEMENTS (KOHA)
Koha item type წიგნი
ეგზემპლარები
Withdrawn status Lost status Damaged status Not for loan Date acquired Barcode Date last seen Price effective from Koha item type
        2018-12-17 9473 2018-12-17 2018-12-17 წიგნი